000 00563nam a2200193Ia 4500
999 _c11169
_d11169
003 OSt
005 20191224101710.0
008 190216s9999||||xx |||||||||||||| ||und||
020 _a9788131759295
040 _coclc
082 _a339
_bABE/M
100 _aAbel, Andrew B
_9711
245 0 _aMacroeconomics /
_cAndrew B Abel ; Ben S Bernanke ; Dean Croushore
250 _a7th ed.
260 _bPearson Education International,
_c2011.
_aNew Delhi:
300 _a642p
650 _aEconomics
942 _cBK
_2ddc
_h339
_iABE/M
_k339
_mABE/M